02488 2201093 4500001002100000005001500021035002000036007000300056008004100059020002200100082001100122084001700133100003500150245009700185250001100282260006800293300003100361650002700392990001300419990001300432990001300445990001300458990001300471990001300484990001300497990001300510990001300523990001300536990001300549990001300562990001300575990001300588990001300601990001300614990001300627990001300640990001300653990001300666990001300679990001300692990001300705990001300718990001300731990001300744990001300757990001300770990001300783990001300796990001300809990001300822990001300835990001300848990001300861990001300874990001300887990001300900990001300913990001300926990001300939990001300952990001300965990001300978990001300991990001301004990001301017990001301030990001301043990001301056990001301069990001301082990001301095990001301108990001301121990001301134990001301147990001301160990001301173990001301186990001301199990001301212990001301225990001301238990001301251990001301264990001301277990001301290990001301303990001301316990001301329990001301342990001301355990001301368990001301381INLIS00000000000102920230311065311 a0010-0323000035ta230311 g 0 ind  a978-623-257-412-0 a297.07 a297.07 CHO p0 aChoirul Ansori, S. Ag., M.Pd.I1 aPendidikan agama islam & budi pekerti :bSMA / SMK kelas X /cChoirul Ansori, S. Ag., M.Pd.I acet. 1 aJakarta :bPerpustakaan Nasional: Katalog Dalam Terbitan,c2022 a220 hlm. :bIlus ;c27 cm. 4aPendidikan Agama Islam a01760176 a01760176 a01760176 a01760176 a01760176 a01760176 a01760176 a01760176 a01760176 a01760176 a01760176 a01760176 a01760176 a01760176 a01760176 a01760176 a01760176 a01760176 a01760176 a01760176 a01760176 a01760176 a01760176 a01760176 a01760176 a01760176 a01760176 a01760176 a01760176 a01760176 a01760176 a01760176 a01760176 a01760176 a01760176 a01760176 a01760176 a01760176 a01760176 a01760176 a01760176 a01760176 a01760176 a01760176 a01760176 a01760176 a01760176 a01760176 a01760176 a01760176 a01760176 a01760176 a01760176 a01760176 a01760176 a01760176 a01760176 a01760176 a01760176 a01760176 a01840184 a01840184 a01840184 a01840184 a01840184 a01840184 a01840184 a01840184 a01840184 a01840184 a01840184 a01840184 a01840184 a01840184 a01840184